000
00230 a2200097 4500
001
44562
100
_a
Graham
245
_a
Audels New Electric Library (Vol-XII)
260
_a
New York
_b
Theo Audel & Co.
_c
090
_c
28288
_d
28288
942
_a
NUST-CAE
_c
M
_c
20322
999
_c
279635
_d
279635